000 00582nam a22002057a 4500
005 20140811113720.0
010 _aENG-110319
020 _a9789350623169
_c475.00
035 _aEN-93851
037 _bDBAD/PUB
082 _a658.4012
100 _aRao, V. S. P.
245 _aStrategic management :
_cby V. S. P. Rao
_btext and cases /
250 _a2nd ed
260 _aNew Delhi
_bExcel Books
_c2013
270 _aA-45, Naraina, Phase I
_bNew Delhi
_e110028
300 _axx,636p.
_c27cm(pbk)
500 _aIncludes index
942 _2ddc
_cEN
_mRAO
_h658.4012
999 _c86247
_d86247